000 00849nam a2200265Ia 4500
003 OSt
005 20221005091833.0
006 a|||||r|||| 00| 0
007 ta
008 221004b |||||||| |||| 00| 0 eng d
020 _a9780820476100 (hbk)
_c2939.34
024 _a97254
037 _b409, 19/01/2009, Bhartiya Sahitya Bhawan
_cTextual
040 _aCRL
_cCRL
_beng
041 _2eng
_aeng
082 _aO1119792,3:g, P8
100 _aHeady Margaret
_9558253
245 0 _aMarvelous journeys
_b Routes of identity in the Caribbean noval
260 _aNew York
_bPeter Lang India
_c2008
300 _aix,127p.
_ccm.
490 _aCaribbean studies; 16
650 _aENGLISH LITERATURE
942 _hO1119792,3:g, P8
_cTEXL
_2cc
999 _c997874
_d997874